• 首页
  • 本馆介绍
  • 公告通知
  • 最新文献
  • 馆藏检索
  • 电子资源
  • 读者导购
  • 参考咨询
  • 我的图书馆
  • 登录
  • 详细信息显示
  • 放入我的书架
  • 预约/预借图书
  • 作者相关作品
  • 分类相关作品
  • 丛书相关作品
  • 出版社相关作品

书目信息

  • 表格格式
  • 工作单格式
  • 卡片格式
题名:
瑟谷学校传奇
    
 
作者: 格林伯格( ) 著 ;李晓红 , 王美 译
分册: III   教育的意义
出版信息: 上海   华东师范大学出版社  2018.06
页数: 10, 143页
开本: 24cm
丛书名:
单 册:
中图分类: G639.712.8
科图分类:
主题词: 中学--概况--美国
电子资源:
ISBN: 978-7-5675-7503-5
000 01039nam0 2200289 450
001 0102100442
005 20210406100823.48
010    @a978-7-5675-7503-5@dCNY28.00
100    @a20180819d2018 em y0chiy50 ea
101 1  @achi@ceng
102    @aCN@b310000
105    @ay z 000yy
106    @ar
200 1  @a瑟谷学校传奇@Ase gu xue xiao chuan qi@hIII@i教育的意义@f(美)丹尼尔·格林伯格(Daniel Greenberg)著@g李晓红,王美译
210    @a上海@c华东师范大学出版社@d2018.06
215    @a10, 143页@d24cm
312    @a版权页英文题名:The meaning of education
330    @a本书是作者对教育意义的阐释:什么是“人”,什么是学习,作为社会性动物的人,人类的自组织性,人与自然,以及教育的终极意义。
510 1  @aMeaning of education@zeng
606 0  @a中学@x概况@y美国
610 0  @a瑟谷学校
690    @aG639.712.8@v5
701  0 @c(Greenberg, Daniel( )@a格林伯格( )@Age lin bo ge@4著
702  0 @a李晓红@Ali xiao hong@4译
702  0 @a王美@Awang mei@4译
801  0 @aCN@bBJSZM@c20210402
905    @b1279152-5@dG639.712.8@e2024:3@f4
    
    瑟谷学校传奇.III.教育的意义/(美)丹尼尔·格林伯格(Daniel Greenberg)著/李晓红,王美译.-上海:华东师范大学出版社,2018.06
    10, 143页;24cm
    
    
    ISBN 978-7-5675-7503-5:CNY28.00
    本书是作者对教育意义的阐释:什么是“人”,什么是学习,作为社会性动物的人,人类的自组织性,人与自然,以及教育的终极意义。
●
相关链接 在E读中查询图书 在五车中查询图书 在当当中查询图书 在豆瓣中查询图书


正题名:瑟谷学校传奇     索取号:G639.712.8/2024:3         预约/预借

序号 登录号 条形码 馆藏地/架位号 状态 备注
1 1279152   212791521   第一样本阅览室/ [索取号:G639.712.8/2024:3] 在馆    
2 1279153   212791530   教育系资料室/ [索取号:G639.712.8/2024:3] 在馆    
3 1279154   212791549   教育系资料室/ [索取号:G639.712.8/2024:3] 在馆    
4 1279155   212791558   第四借阅区/ [索取号:G639.712.8/2024:3] 在馆    
唐山师范学院图书馆 欢迎您!
大连网信软件有限公司© 版权所有